Statistics for NBA annual rebounding leaders

Click here to take the quiz!

General Stats

  • This quiz has been taken 61 times
    (29 since last reset)
  • The average score is 42 of 50

Answer Stats

Year Player Team % Correct
1990Hakeem OlajuwonRockets
100%
1976Kareem Abdul-JabbarLakers
100%
1978Len RobinsonJazz
100%
1991David RobinsonSpurs
100%
2007Kevin GarnettTimberwolves
100%
1998Dennis RodmanBulls
96%
1973Wilt ChamberlainLakers
96%
2013Dwight HowardLakers
96%
2003Ben WallacePistons
96%
2015DeAndre JordanClippers
93%
2001Dikembe MutomboHawks/76ers
89%
2017Hassan WhitesideHeat
85%
2019Andre DrummondPistons
85%
1999Chris WebberKings
78%
1985Moses Malone76ers
78%
2011Kevin LoveTimberwolves
70%
1977Bill WaltonTrail Blazers
70%
1987Charles Barkley76ers
52%
1975Wes UnseldBullets
52%
1974Elvin HayesBullets
48%
1986Bill LaimbeerPistons
44%
1988Michael CageClippers
19%
1980Swen NaterClippers
11%

Score Distribution

Percentile by Number Answered

Percent of People with Each Score

Your Score History

You have not taken this quiz since the last reset